000 00354nam a22001577a 4500
003 SGT
020 _a9788123918099
082 _a624,GHO
100 _aGHOSE,D.N.
245 _aCIVIL ENGINEERING DRAWING AND DESIGN
250 _a2ND
260 _aNEW DELHI
_bCBS PUBLISHER
_c2015
300 _a324
650 _aCIVIL ENGINEERING
942 _2ddc
_cBK
999 _c22926
_d22926